Fool's Gold - One Direction (All Lyrics) - Statistics

General Stats
  • This quiz has been taken 114 times
    111 since last reset
  • The average score is 220 of 246
Answer Stats
Lyrics % Correct
I
100%
a
98%
fool's
98%
gold
98%
me
98%
you
98%
you,
98%
but
97%
i'm
97%
I'm
97%
the
97%
your
97%
and
95%
not
95%
on
95%
that
95%
we
95%
falling
94%
for
94%
met
94%
my
94%
day
92%
done
92%
first
92%
in
92%
know
92%
let
92%
like
92%
yet
92%
from
91%
heart,
91%
heart
91%
knew
91%
use
91%
yeah,
91%
don't
89%
it
89%
oh,
89%
oh
89%
every
88%
regret
88%
you're
88%
everyone
86%
to
84%
can't
83%
wire
83%
star
81%
admit
80%
just
78%
time
78%
boat
77%
makes
77%
see
77%
water
77%
you've
77%
fly
75%
that's
73%
crow
72%
feel
72%
of
72%
reckless
72%
way
72%
constant
70%
real
70%
love's
69%
turned
69%
beauty
67%
front
67%
waves
67%
distraction
66%
get
66%
shining
66%
feels
64%
lost
63%
moving
61%
two
59%
feet
58%
yes,
58%
mind
56%
calm
50%
part
50%
home
36%
rays
20%
No matching quizzes found
Score Distribution
Percent of People with Each Score
Percentile by Number Answered
Your Score History
You have not taken this quiz since the last reset